| 000 | 00580nam a22001937a 4500 | ||
|---|---|---|---|
| 003 | dpl | ||
| 005 | 20180728121255.0 | ||
| 008 | 180728b xxu||||| |||| 00| 0 eng d | ||
| 020 |
_a8176295795 _c380.00 |
||
| 035 | _aB-159252 | ||
| 040 |
_aDPL _bEN _c0 |
||
| 082 | _a330 | ||
| 245 |
_aEnvironment,Economics and Commerce Education / _cEd.by Bhalla,G.S. [and] Bawa Sumninder |
||
| 260 |
_aNew Delhi _bDeep & Deep Publications Pvt Ltd _c2004 |
||
| 300 |
_axiv,257p; _c21cm |
||
| 500 | _aincludes index | ||
| 700 | _aBawa,Sumninder | ||
| 942 |
_2ddc _cEN _h330 _mENV |
||
| 999 |
_c155026 _d155026 |
||